[Event "Las Palmas San Mateo CC op 1st"]
[Site "Las Palmas"]
[Date "2023.12.06"]
[Round "4"]
[White "Strikovic, Aleksa"]
[Black "Yao, Stefano"]
[Result "1-0"]
[WhiteElo "2433"]
[BlackElo "2288"]
[PlyCount "80"]
[EventDate "2023.12.04"]
[EventType "swiss"]
[EventRounds "9"]
[EventCountry "ESP"]
[SourceTitle "CB50_2023"]
[SourceDate "2023.12.13"]
[SourceVersion "1"]
[SourceVersionDate "2023.12.13"]
[SourceQuality "1"]

1. c4 e5 2. Nc3 Nf6 3. Nf3 Nc6 4. d4 exd4 5. Nxd4 Bb4 6. g3 Na5 7. Qd3 d5 8. cxd5 Qxd5 9. f3 0-0 10. a3 Bxc3+ 11. Qxc3 Rd8 12. Be3 c5 13. Nb5 Nb3 14. Nc7 Nxa1 15. Nxd5 Nxd5 16. Qd2 Bf5 17. Kf2 Nb3 18. Qd1 c4 19. Bg5 Ne7 20. Qe1 f6 21. e4 Be6 22. Be3 Nc6 23. Qc3 b5 24. Be2 Nbd4 25. Bxd4 Rxd4 26. Rd1 Rxd1 27. Bxd1 Rd8 28. Be2 a5 29. Ke3 b4 30. axb4 axb4 31. Qc1 Ne5 32. f4 Nd3 33. Qa1 b3 34. Qa5 Rc8 35. Qa6 Nc5 36. Bxc4 Nxa6 37. Bxe6+ Kf8 38. Bxc8 Nc5 39. Kd4 Na4 40. Be6 Ke8 1-0

[Event "Las Palmas San Mateo CC op 1st"]
[Site "Las Palmas"]
[Date "2023.12.04"]
[Round "1"]
[White "Mukhi Talreja, Ishita Tina"]
[Black "Yao, Stefano"]
[Result "0-1"]
[WhiteElo "1575"]
[BlackElo "2288"]
[PlyCount "86"]
[EventDate "2023.12.04"]
[EventType "swiss"]
[EventRounds "9"]
[EventCountry "ESP"]
[SourceTitle "CB50_2023"]
[SourceDate "2023.12.13"]
[SourceVersion "1"]
[SourceVersionDate "2023.12.13"]
[SourceQuality "1"]

1. c4 e5 2. g3 Nf6 3. Bg2 c6 4. d4 exd4 5. Qxd4 Na6 6. a3 Be7 7. Nf3 Nc5 8. Qd1 a5 9. 0-0 a4 10. Nd4 0-0 11. Nf5 Nb3 12. Ra2 Bc5 13. Be3 d5 14. Bxc5 Nxc5 15. Ne3 dxc4 16. Nc3 Be6 17. Ra1 Qc7 18. Qc2 b5 19. Rad1 Rad8 20. Rxd8 Rxd8 21. Rd1 Rd7 22. Rxd7 Qxd7 23. Na2 Nb3 24. Nc1 Nd4 25. Qc3 h5 26. Nf1 c5 27. Qa5 Bg4 28. Qa8+ Kh7 29. e3 Nc2 30. Be4+ Nxe4 31. Qxe4+ Bf5 32. Qf3 g6 33. Na2 Bg4 34. Qf6 Kg8 35. Nc3 Ne1 36. h4 Bf3 37. Nh2 Qh3 38. Qxf3 Nxf3+ 39. Nxf3 Qd7 40. Ne4 Kg7 41. Kg2 Qc6 42. Ned2 Qf6 43. Ne4 Qxb2 0-1

[Event "ITA-chT GpB 54th"]
[Site "Bacoli"]
[Date "2023.04.28"]
[Round "6"]
[White "Loiacono, Leonardo"]
[Black "Yao, Stefano"]
[Result "1/2-1/2"]
[WhiteElo "2303"]
[BlackElo "2297"]
[PlyCount "102"]
[EventDate "2023.04.25"]
[EventType "team-tourn"]
[EventRounds "7"]
[EventCountry "ITA"]
[SourceTitle "CBM 213 Extra"]
[Source "ChessBase"]
[SourceDate "2023.05.31"]
[SourceVersion "1"]
[SourceVersionDate "2023.05.31"]
[SourceQuality "1"]
[WhiteTeam "Le Due Torri Volvo"]
[BlackTeam "Torino"]
[WhiteTeamCountry "ITA"]
[BlackTeamCountry "ITA"]

1. d4 d5 2. c4 e6 3. Nc3 a6 4. cxd5 exd5 5. Bf4 c6 6. e3 Bd6 7. Bxd6 Qxd6 8. Bd3 Ne7 9. Qb3 0-0 10. Nge2 Nd7 11. 0-0 Nf6 12. h3 Bf5 13. Qc2 Bxd3 14. Qxd3 Rfe8 15. Rfc1 Nc8 16. Ng3 g6 17. Na4 Qe7 18. Nc5 Nd6 19. Rab1 h5 20. Nf1 Nfe4 21. Nd2 Nxd2 22. Qxd2 Qg5 23. Qd1 Re7 24. Nd3 Rae8 25. Rc2 Nf5 26. Kh1 Nh4 27. Qg1 Qf5 28. Rd2 g5 29. Qh2 f6 30. Qg3 Qg6 31. Rf1 Rg7 32. Kg1 Nf5 33. Qh2 g4 34. hxg4 hxg4 35. Nf4 Qg5 36. Qh5 Ree7 37. Qxg5 fxg5 38. Nh5 Rg6 39. Rd3 Rh7 40. Ng3 Rgh6 41. Rfd1 Rh2 42. R3d2 Kf7 43. b4 Ke6 44. a4 Nh4 45. f3 Nf5 46. Nxf5 Kxf5 47. Kf2 R7h3 48. Kg1 Rh1+ 49. Kf2 R1h2 50. Kg1 Rh1+ 51. Kf2 R1h2 1/2-1/2

[Event "Spilimbergo op 20th"]
[Site "Spilimbergo"]
[Date "2022.08.15"]
[Round "9"]
[White "Harikrishnan, A Ra"]
[Black "Yao, Stefano"]
[Result "1-0"]
[WhiteElo "2395"]
[BlackElo "2309"]
[PlyCount "81"]
[EventDate "2022.08.09"]
[EventType "swiss"]
[EventRounds "9"]
[EventCountry "ITA"]
[SourceTitle "CBM 209 Extra"]
[Source "ChessBase"]
[SourceDate "2022.09.30"]
[SourceVersion "1"]
[SourceVersionDate "2022.09.30"]
[SourceQuality "1"]

1. d4 Nf6 2. Nf3 e6 3. Bf4 c5 4. c3 b6 5. e3 Be7 6. h3 0-0 7. Nbd2 d5 8. Bd3 Ba6 9. Bxa6 Nxa6 10. 0-0 Qc8 11. Bg5 Qb7 12. Ne5 Nb8 13. f4 Nc6 14. f5 Rae8 15. Bxf6 Bxf6 16. Ng4 Qe7 17. Qa4 Rc8 18. dxc5 bxc5 19. e4 Ne5 20. Nf3 Nxg4 21. hxg4 dxe4 22. Qxe4 exf5 23. Qxe7 Bxe7 24. gxf5 Rb8 25. Rf2 Bf6 26. Rd1 Rb5 27. Rd7 Ra5 28. a3 Rb8 29. Rc2 h5 30. Nd2 Ra4 31. Nf1 Re8 32. Rd5 c4 33. Kf2 Ra6 34. Rc5 Re4 35. Kf3 Re1 36. Ne3 Rd6 37. Re2 Rb1 38. Nxc4 Rdd1 39. Ne3 Rdc1 40. Rc8+ Kh7 41. Rc7 1-0

[Event "Spilimbergo op 20th"]
[Site "Spilimbergo"]
[Date "2022.08.12"]
[Round "6"]
[White "Muthaiah, Al"]
[Black "Yao, Stefano"]
[Result "1/2-1/2"]
[WhiteElo "2414"]
[BlackElo "2309"]
[PlyCount "116"]
[EventDate "2022.08.09"]
[EventType "swiss"]
[EventRounds "9"]
[EventCountry "ITA"]
[SourceTitle "CBM 209 Extra"]
[Source "ChessBase"]
[SourceDate "2022.09.30"]
[SourceVersion "1"]
[SourceVersionDate "2022.09.30"]
[SourceQuality "1"]

1. d4 Nf6 2. c4 e6 3. Nf3 a6 4. Nc3 d5 5. cxd5 exd5 6. Bg5 Be6 7. e3 Nbd7 8. Bd3 Bd6 9. 0-0 0-0 10. Qc2 h6 11. Bf4 Qe7 12. Rfe1 Rfe8 13. h3 Rac8 14. Rad1 Nb6 15. Bxd6 Qxd6 16. Ne5 c5 17. dxc5 Qxc5 18. Nf3 Rc7 19. Nd4 Rec8 20. Qb1 Nbd7 21. Nce2 Qe7 22. Nf4 Nc5 23. Bf5 Bxf5 24. Qxf5 Rd8 25. Rc1 Nce4 26. f3 Rxc1 27. Rxc1 Nd6 28. Qd3 Nc4 29. b3 Ne5 30. Qc3 Nc6 31. Nf5 Qd7 32. Nxh6+ Kh7 33. Ng4 Nxg4 34. hxg4 d4 35. Qd3+ Kg8 36. Nh5 dxe3 37. Qxe3 Qd2 38. Re1 Qxa2 39. Qc3 Nd4 40. Qc7 Nc6 41. Qxb7 Qd2 42. Rf1 Qe3+ 43. Kh1 Nd4 44. Qxa6 g6 45. Qb6 Rc8 46. Rd1 Nc2 47. Rd8+ Rxd8 48. Qxd8+ Kh7 49. Nf6+ Kg7 50. Ne8+ Kf8 51. Nd6+ Kg7 52. Ne8+ Kf8 53. Nf6+ Kg7 54. Nd5 Qd4 55. g5 Qh4+ 56. Kg1 Qe1+ 57. Kh2 Qh4+ 58. Kg1 Qe1+ 1/2-1/2

[Event "ITA-ch U20 78th"]
[Site "Salerno"]
[Date "2018.11.30"]
[Round "4"]
[White "Di Benedetto, Edoardo"]
[Black "Yao, Stefano"]
[Result "1/2-1/2"]
[WhiteElo "2324"]
[BlackElo "2360"]
[PlyCount "43"]
[EventDate "2018.11.27"]
[EventType "tourn"]
[EventRounds "7"]
[EventCountry "ITA"]
[EventCategory "2"]
[SourceTitle "CBM 187 Extra"]
[Source "ChessBase"]
[SourceDate "2018.11.04"]
[SourceVersion "1"]
[SourceVersionDate "2018.11.04"]
[SourceQuality "1"]

1. Nf3 c5 2. c4 Nc6 3. d4 cxd4 4. Nxd4 g6 5. e4 Nf6 6. Nc3 d6 7. Be2 Nxd4 8. Qxd4 Bg7 9. Be3 0-0 10. Qd2 a5 11. 0-0 a4 12. Rab1 Qa5 13. Nd5 Qxd2 14. Nxe7+ Kh8 15. Bxd2 Nxe4 16. Bb4 Be6 17. Rfd1 Rfe8 18. Nd5 Bxd5 19. Rxd5 a3 20. bxa3 Nc3 21. Bxc3 Bxc3 22. Bf1 1/2-1/2

[Event "ITA-ch U20 78th"]
[Site "Salerno"]
[Date "2018.11.28"]
[Round "2"]
[White "Varriale, Luca"]
[Black "Yao, Stefano"]
[Result "1-0"]
[WhiteElo "2226"]
[BlackElo "2360"]
[PlyCount "93"]
[EventDate "2018.11.27"]
[EventType "tourn"]
[EventRounds "7"]
[EventCountry "ITA"]
[EventCategory "2"]
[SourceTitle "CBM 187 Extra"]
[Source "ChessBase"]
[SourceDate "2018.11.04"]
[SourceVersion "1"]
[SourceVersionDate "2018.11.04"]
[SourceQuality "1"]

1. d4 d5 2. c4 c6 3. Nc3 Nf6 4. Nf3 e6 5. e3 a6 6. Bd3 dxc4 7. Bxc4 b5 8. Bd3 Nbd7 9. a4 b4 10. Ne4 c5 11. Nxf6+ Nxf6 12. dxc5 Bb7 13. 0-0 Bxc5 14. Qe2 Qd5 15. Rd1 Qh5 16. h3 g5 17. Ne5 Qxe2 18. Bxe2 Ke7 19. b3 Rhd8 20. Bb2 Ne4 21. Bf3 f6 22. Nc4 Bd5 23. Rac1 Rac8 24. Nd2 Nxd2 25. Rxd2 Bxb3 26. Rxd8 Kxd8 27. Bxf6+ Kd7 28. Bb7 Rc7 29. Bxa6 Bxa4 30. Bxg5 b3 31. Bf6 Ba3 32. Rxc7+ Kxc7 33. Bd3 h6 34. f4 Bc1 35. Kf2 Bc6 36. g4 b2 37. g5 h5 38. g6 Be8 39. g7 Bf7 40. Bh7 Kd7 41. Kg3 Kc6 42. Bd4 Kd6 43. Kh4 Kd7 44. Kg5 Ke7 45. Bc5+ Kd7 46. Kf6 Bg8 47. Bb1 1-0

[Event "ITA-ch U20 78th"]
[Site "Salerno"]
[Date "2018.11.27"]
[Round "1"]
[White "Yao, Stefano"]
[Black "Loiacono, Antonio"]
[Result "1/2-1/2"]
[WhiteElo "2360"]
[BlackElo "2293"]
[PlyCount "82"]
[EventDate "2018.11.27"]
[EventType "tourn"]
[EventRounds "7"]
[EventCountry "ITA"]
[EventCategory "2"]
[SourceTitle "CBM 187 Extra"]
[Source "ChessBase"]
[SourceDate "2018.11.04"]
[SourceVersion "1"]
[SourceVersionDate "2018.11.04"]
[SourceQuality "1"]

1. Nf3 Nf6 2. c4 c5 3. Nc3 Nc6 4. d4 cxd4 5. Nxd4 g6 6. e4 Bg7 7. Be3 0-0 8. Be2 d6 9. 0-0 Nxd4 10. Bxd4 Be6 11. Qd2 Qa5 12. Rad1 Rfc8 13. b3 Nd7 14. Nd5 Qd8 15. Bxg7 Kxg7 16. Nf4 Nf6 17. e5 dxe5 18. Nxe6+ fxe6 19. Qe3 Qc7 20. Bf3 Rd8 21. Rde1 Rab8 22. Qxe5 Qxe5 23. Rxe5 Kf7 24. Rfe1 Rd6 25. c5 Ra6 26. Be2 Nd7 27. Bxa6 Nxe5 28. Bxb7 Nd3 29. c6 Nxe1 30. c7 Re8 31. c8Q Rxc8 32. Bxc8 Nd3 33. a3 Kf6 34. Ba6 Nc5 35. Bc4 Ke5 36. b4 Na4 37. f3 Nb6 38. Bb3 Nd5 39. b5 Kd4 40. a4 Kc5 41. Bc2 Ne3 1/2-1/2

[Event "Trieste op 20th"]
[Site "Trieste"]
[Date "2018.09.05"]
[Round "6"]
[White "Yao, Stefano"]
[Black "Schreiner, Peter"]
[Result "1/2-1/2"]
[WhiteElo "2343"]
[BlackElo "2463"]
[PlyCount "75"]
[EventDate "2018.09.01"]
[EventType "swiss"]
[EventRounds "9"]
[EventCountry "ITA"]
[SourceTitle "CBM 186 Extra"]
[Source "ChessBase"]
[SourceDate "2018.08.24"]
[SourceVersion "1"]
[SourceVersionDate "2018.08.24"]
[SourceQuality "1"]

1. d4 Nf6 2. Nf3 g6 3. c4 Bg7 4. g3 c5 5. Bg2 Qa5+ 6. Nc3 cxd4 7. Nxd4 Nc6 8. 0-0 0-0 9. e3 Rd8 10. Qe2 Qe5 11. Rd1 Nxd4 12. exd4 Qxe2 13. Nxe2 d5 14. c5 Bg4 15. f3 Bd7 16. Bf4 Nh5 17. Be3 Bc6 18. Rab1 a5 19. b3 Nf6 20. Bh3 Ne8 21. Nc3 e5 22. Kf2 Nc7 23. dxe5 Bxe5 24. Bd4 Bxd4+ 25. Rxd4 f5 26. Ne2 Ne6 27. Rd2 Nxc5 28. Nd4 Be8 29. g4 fxg4 30. Bxg4 Bd7 31. Rc1 b6 32. Bxd7 Rxd7 33. Rcd1 Rf8 34. Kg2 Re8 35. Ne2 Red8 36. Nd4 Re8 37. Ne2 Kf7 38. Nf4 1/2-1/2

[Event "ITA-ch sf 78th"]
[Site "Alessandria"]
[Date "2018.07.23"]
[Round "3"]
[White "Dvirnyy, Danyyil"]
[Black "Yao, Stefano"]
[Result "1/2-1/2"]
[WhiteElo "2504"]
[BlackElo "2319"]
[PlyCount "76"]
[EventDate "2018.07.21"]
[EventType "swiss"]
[EventRounds "9"]
[EventCountry "ITA"]
[SourceTitle "CBM 186 Extra"]
[Source "ChessBase"]
[SourceDate "2018.08.24"]
[SourceVersion "1"]
[SourceVersionDate "2018.08.24"]
[SourceQuality "1"]

1. c4 c5 2. Nf3 Nc6 3. d4 cxd4 4. Nxd4 g6 5. e4 Nf6 6. Nc3 d6 7. Be2 Bg7 8. Be3 0-0 9. 0-0 Bd7 10. Nc2 Rc8 11. h3 a6 12. Qd2 Na5 13. Na3 Be6 14. b3 Nc6 15. Nc2 b5 16. cxb5 axb5 17. f3 b4 18. Na4 Nh5 19. Rac1 Ng3 20. Rfe1 Nxe2+ 21. Rxe2 Qa5 22. Bh6 Bxh6 23. Qxh6 Bc4 24. Rd2 Bb5 25. Ne3 Bxa4 26. bxa4 Ne5 27. Rdc2 Rxc2 28. Rxc2 Qxa4 29. Nd5 Re8 30. Rc7 Qd1+ 31. Kh2 Nxf3+ 32. Kg3 Ne5 33. Rxe7 Qe1+ 34. Kh2 Nf3+ 35. gxf3 Qf2+ 36. Kh1 Qf1+ 37. Kh2 Qf2+ 38. Kh1 Qf1+ 1/2-1/2

[Event "Arad op 10th"]
[Site "Arad"]
[Date "2017.08.07"]
[Round "3"]
[White "Yao, Stefano"]
[Black "Zajic, Milan"]
[Result "1/2-1/2"]
[WhiteElo "2302"]
[BlackElo "2499"]
[PlyCount "22"]
[EventDate "2017.08.06"]
[EventType "swiss"]
[EventRounds "9"]
[EventCountry "ROU"]
[SourceTitle "CBM 179 Extra"]
[Source "ChessBase"]
[SourceDate "2017.08.23"]
[SourceVersion "1"]
[SourceVersionDate "2017.08.23"]
[SourceQuality "1"]

1. d4 Nf6 2. Nf3 e6 3. Bg5 c5 4. e3 b6 5. d5 d6 6. Nc3 e5 7. Bb5+ Bd7 8. a4 a6 9. Bxd7+ Nbxd7 10. 0-0 Be7 11. e4 0-0 1/2-1/2

[Event "Arvier Spring op-A"]
[Site "Arvier"]
[Date "2017.04.23"]
[Round "3"]
[White "Nester, Ihor"]
[Black "Yao, Stefano"]
[Result "1-0"]
[WhiteElo "2332"]
[BlackElo "2293"]
[PlyCount "101"]
[EventDate "2017.04.21"]
[EventType "swiss"]
[EventRounds "7"]
[EventCountry "ITA"]
[SourceTitle "CBM 178 Extra"]
[Source "ChessBase"]
[SourceDate "2017.06.22"]
[SourceVersion "1"]
[SourceVersionDate "2017.06.22"]
[SourceQuality "1"]

1. Nf3 d5 2. d4 Nf6 3. c4 c6 4. Qc2 e6 5. g3 dxc4 6. Qxc4 b5 7. Qc2 Bb7 8. Bg2 Nbd7 9. a4 a6 10. 0-0 c5 11. Bg5 Rc8 12. axb5 axb5 13. Qb3 Qb6 14. Na3 cxd4 15. Qxb5 Bc5 16. Qxb6 Nxb6 17. Nb5 Bxf3 18. Bxf3 Nfd5 19. Rfd1 f6 20. Bd2 0-0 21. Ba5 Nc4 22. Bxd5 exd5 23. b3 Nxa5 24. Rxa5 Rb8 25. Nxd4 Bxd4 26. Rxd4 Rxb3 27. Raxd5 Rb7 28. h4 Re8 29. e3 Rbe7 30. Kg2 Re5 31. g4 Rxd5 32. Rxd5 Re7 33. g5 Kf7 34. Kg3 Ra7 35. Rb5 Ra4 36. gxf6 Kxf6 37. f3 Ra1 38. h5 Rh1 39. e4 g6 40. Rb6+ Ke5 41. Rb5+ Kf6 42. Kg4 Rg1+ 43. Kf4 Rh1 44. Rb6+ Kg7 45. Rb7+ Kf6 46. Rxh7 gxh5 47. Rh6+ Kg7 48. Ra6 h4 49. Kg4 h3 50. Kg3 h2 51. Ra2 1-0

[Event "Doriano Spinelli mem 2nd"]
[Site "Torino"]
[Date "2016.12.03"]
[Round "4"]
[White "Bisi, Riccardo"]
[Black "Yao, Stefano"]
[Result "0-1"]
[WhiteElo "2028"]
[BlackElo "2161"]
[PlyCount "90"]
[EventDate "2016.12.01"]
[EventType "swiss"]
[EventRounds "5"]
[EventCountry "ITA"]
[SourceTitle "CBM 176 Extra"]
[Source "ChessBase"]
[SourceDate "2017.03.02"]
[SourceVersion "1"]
[SourceVersionDate "2017.03.02"]
[SourceQuality "1"]

1. e4 c6 2. d4 d5 3. exd5 cxd5 4. Bd3 Nc6 5. c3 Nf6 6. Bg5 Bg4 7. Nf3 e6 8. Nbd2 Be7 9. Qb3 Qc7 10. Bh4 0-0 11. h3 Bh5 12. 0-0 Bg6 13. Bxg6 hxg6 14. Rfe1 Bd6 15. Rac1 Rfc8 16. c4 Na5 17. Qa4 dxc4 18. Bxf6 gxf6 19. b3 b5 20. Qxb5 Rab8 21. Qa6 Bb4 22. Nxc4 Bxe1 23. Nxe1 Nxc4 24. Rxc4 Qd7 25. Nc2 Rxc4 26. Qxc4 Rc8 27. Qe2 Qc7 28. Ne3 Qd7 29. Qb2 Kg7 30. Nc4 Qd5 31. Qd2 Rh8 32. Qf4 f5 33. Ne3 Qe4 34. Qd6 Rc8 35. Nc4 Qe1+ 36. Kh2 Qxf2 37. Qe5+ Kg8 38. Qf6 Qf4+ 39. Kh1 Qc7 40. h4 Qd8 41. Qe5 Qxh4+ 42. Kg1 Rd8 43. Nd6 Qe7 44. Nb5 Qd7 45. Qf6 a6 0-1

[Event "Doriano Spinelli mem 2nd"]
[Site "Torino"]
[Date "2016.12.02"]
[Round "2"]
[White "Zuccaro, Marco"]
[Black "Yao, Stefano"]
[Result "0-1"]
[WhiteElo "1895"]
[BlackElo "2161"]
[PlyCount "82"]
[EventDate "2016.12.01"]
[EventType "swiss"]
[EventRounds "5"]
[EventCountry "ITA"]
[SourceTitle "CBM 176 Extra"]
[Source "ChessBase"]
[SourceDate "2017.03.02"]
[SourceVersion "1"]
[SourceVersionDate "2017.03.02"]
[SourceQuality "1"]

1. d4 d5 2. Nf3 Nf6 3. c4 c6 4. Nc3 a6 5. a4 e6 6. Bg5 a5 7. e3 Be7 8. Bd3 Na6 9. Qe2 Nb4 10. Bb1 h6 11. Bh4 dxc4 12. Ne5 b6 13. 0-0 0-0 14. Rc1 Ba6 15. Nxc4 Rc8 16. Ne4 Nxe4 17. Bxe7 Qxe7 18. Bxe4 c5 19. dxc5 Rxc5 20. b3 Rfc8 21. Rc3 f5 22. Bf3 e5 23. e4 f4 24. Bg4 R8c7 25. Rd1 Nc6 26. Rd5 Nd4 27. Qa2 Qg5 28. f3 Qh4 29. Qf2 Qe7 30. Rxc5 Qxc5 31. g3 Ne2+ 32. Kg2 Nxc3 33. Be6+ Kh7 34. Qd2 Qd4 35. Qc2 Bxc4 36. bxc4 Re7 37. Bf5+ g6 38. Bh3 Qxc4 39. gxf4 Qe2+ 40. Qxe2 Nxe2 41. fxe5 Nf4+ 0-1